000 00955cam a22002891 4500
001 29757
003 BD-RjUL
005 20211209051444.0
008 140407r1951 enk b 001 0 eng d
035 _a(BD-RjUL)29842
040 _aDLC
_cDLC
_dDLC
_dBD-RjUL
_beng
041 1 _aengfre
082 0 0 _a153.9
_bPIP 1951
100 1 _aPiaget, Jean,
_d1896-1980.
_93700
245 1 4 _aThe psychology of intelligence /
_cTranslated from the French by Malcolm Piercy and D. E. Berlyne
260 _aLondon :
_bRoutledge & Paul,
_c1950 [Reprinted 1951]
300 _aviii, 182 p. ;
_c23 cm.
504 _aBibliography: p. 174-176. and Index
650 0 _aIntellect.
_9395
700 _aMalcolm Piercy
_990596
700 _aD. E. Berlyne
_990597
942 _2ddc
_cBK
999 _c29757
_d29757